The man of Egypt /

Saved in:

Main Author: Cooper, Clayton Sedgwick, 1869-1936 (Author)

Format: Book

Language: English

Published: London ; New York : Hodder and Stoughton, [1913].

Series: The coming men.

Subjects:

Tags: Add Tag

No Tags, Be the first to tag this record!

Call Number: DT55 .C6 1913

LEADER 00833namaa2200265 4500
001 18941
003 OSt
005 20260326150109.0
008 130303s1913 enkf 000 0 eng d
040 |c ARCE Library 
043 |a f-ua--- 
050 4 |a DT55 .C6 1913 
100 1 |a Cooper, Clayton Sedgwick,   |d 1869-1936,  |e author 
245 1 4 |a The man of Egypt /  |c by Clayton Sedgwick Cooper. 
264 1 |a London ;  |a New York :   |b Hodder and Stoughton,   |c [1913]. 
300 |a xvi, 300 pages :   |b plates (part double) ;   |c 20 cm. 
490 0 |a The coming men. 
500 |a At head of title: The coming man [!] 
650 0 |a Education  |z Egypt. 
651 0 |a Egypt  |x Description and travel. 
651 0 |a Egypt   |x History   |y British occupation, 1882-1936. 
651 0 |a Egypt  |x Religion.  
901 |a reviewed 
942 |c BK  |2 lcc 
999 |c 15991  |d 15991